000 00539nam a22001935i 4500
001 47982
003 ES-MaACL
007 t|
008 981124s1868 gw ||||1| eng d
040 _aCAM
_bspa
_cCCPB
100 1 _aCraik, Georgiana M.
_941431
245 1 0 _aMildred /
_cby Georgiana M. Craik.
260 _aLeipzig :
_bBernhard Tauchnitz,
_c1868.
300 _a342 p. ;
_c16 cm.
490 1 _aCollection of British authors
830 0 _aCollection of British authors
_9180703
852 _aES-MaACL
_jG-12413
999 _c47982
_d47982